Պատմութիւն Վարդանանց : (Record no. 126837)
[ view plain ]
| 000 -LEADER | |
|---|---|
| fixed length control field | 00856nam a2200229 a 4500 |
| 001 - CONTROL NUMBER | |
| control field | 000336411 |
| 003 - CONTROL NUMBER IDENTIFIER | |
| control field | AM-YeHGA |
| 005 - DATE AND TIME OF LATEST TRANSACTION | |
| control field | 20260414104226.0 |
| 008 - FIXED-LENGTH DATA ELEMENTS--GENERAL INFORMATION | |
| fixed length control field | 040519s1861 un ||||gr|||||||||0|arm|d |
| 040 ## - CATALOGING SOURCE | |
| Original cataloging agency | AM-YeHGA |
| 041 0# - LANGUAGE CODE | |
| Language code of text/sound track or separate title | arm |
| 100 0# - MAIN ENTRY--PERSONAL NAME | |
| Personal name | Եղիշե, |
| Dates associated with a name | V դ. |
| 9 (RLIN) | 3323 |
| 245 10 - TITLE STATEMENT | |
| Title | Պատմութիւն Վարդանանց : |
| Remainder of title | Ըստ Անձեւացեացն օրինակի / |
| Statement of responsibility, etc. | Եղիշէ. |
| 260 ## - PUBLICATION, DISTRIBUTION, ETC. | |
| Place of publication, distribution, etc. | Թէոդոսիա : |
| Name of publisher, distributor, etc. | տպ. Խալիպեան, |
| Date of publication, distribution, etc. | 1861. |
| 300 ## - PHYSICAL DESCRIPTION | |
| Extent | 341 էջ ; |
| Dimensions | 15 սմ. |
| 500 ## - GENERAL NOTE | |
| General note | Շարվ.՝ 11,5X7 սմ. |
| 500 ## - GENERAL NOTE | |
| General note | Տիտղթ. վրա զարդ. |
| 504 ## - BIBLIOGRAPHY, ETC. NOTE | |
| Bibliography, etc. note | Ցանկ. էջ` 328-341 |
| 650 14 - SUBJECT ADDED ENTRY--TOPICAL TERM | |
| Topical term or geographic name entry element | Հայոց պատմություն |
| General subdivision | Ավարայրի ճակատամարտ |
| Active dates | 451 |
| 856 41 - ELECTRONIC LOCATION AND ACCESS | |
| Uniform Resource Identifier | <a href="https://haygirk.nla.am/upload/1512-1940/1851-1900/Patmutin_vardananc_1861.pdf">https://haygirk.nla.am/upload/1512-1940/1851-1900/Patmutin_vardananc_1861.pdf</a> |
| Link text | Կարդալ առցանց |
| 942 0# - ADDED ENTRY ELEMENTS (KOHA) | |
| Source of classification or shelving scheme | Universal Decimal Classification |
| Koha item type | Գրքեր / Books |
| Withdrawn status | Lost status | Source of classification or shelving scheme | Damaged status | Not for loan | Collection | Home library | Current library | Date acquired | Total checkouts | Full call number | Barcode | Date last seen | Date last checked out | Price effective from | Koha item type | Public note |
|---|---|---|---|---|---|---|---|---|---|---|---|---|---|---|---|---|
| Universal Decimal Classification | Agulian Individual Collection | Fundamental Scientific Library | Fundamental Scientific Library | 22/12/2016 | 1 | Agul/41 | FL0080855 | 03/02/2025 | 03/02/2025 | 22/12/2016 | Գրքեր / Books | ILL Non-Circ. | ||||
| Universal Decimal Classification | Kusikian Individual Collection | Fundamental Scientific Library | Fundamental Scientific Library | 02/06/2020 | Կուս/517 | FL0624322 | 02/06/2020 | 02/06/2020 | Գրքեր / Books | ILL Non-Circ. |
ՀՀ Գիտությունների ազգային ակադեմիայի հիմնարար գիտական գրադարան = Fundamental Scientific Library of NAS RA
All site content, except where otherwise noted, is licensed under a